Statistiques concernant Coupes du Monde France 1938 et France 1998: Les Villes hôtes

Cliquez ici pour prendre le quiz!

Statistiques générales

  • Ce quiz a été pris 234 fois
  • Le résultat moyen est 14 sur 16

Statistiques - réponses

Réponse% Correct
Colombes
100%
Paris
100%
Saint-Denis
100%
Bordeaux
98%
Marseille
98%
Nantes
98%
Lyon
97%
Toulouse
97%
Lille
96%
Strasbourg
91%
Saint-Etienne
85%
Montpellier
84%
Lens
81%
Reims
68%
Le Havre
50%
Antibes
12%

Distribution des résultats

Percentile par nombre de réponses

% des personnes avec chaque résultat

Votre développement - résultats

Vous n’avez pas pris ce quiz